000 00730nam a22002297a 4500
999 _c3926
_d3926
003 AR-CdUCM
008 190307b ||||| |||| 00| 0 spa d
040 _aMUNICIPALIDAD PROVINCIAL DEL CUSCO
_cBIBLIOTECA MUNICIPAL DEL CUSCO
082 _a868.36 /
_bQ37
100 _aQuevedo, Francisco de
_96596
245 _aLa Vida del Buscon llamado Don Pablos /
260 _aBarcelona :
_bSalvat Editores,
_c1969.
300 _a186 paginas ;
_c19cm.
440 _aLibro RTV
_n14
_912582
500 _aColaboración de Alianza Editorial
650 _aNovelas EspaƱolas
_99372
650 _aEdad de oro
_9649
650 _aSiglo XX
_98
700 _aLazaro Carreter, Fernando
_912583
942 _2ddc
_cLIBROS
945 _apjha
_d2019-05-13